000 00773nam0a22002531 4500
001 rc\3473282
005 20250610010339.0
021 _aRU
_bРг2775-73
021 _aRU
_b72-79808
035 _a(NLR Aleph) 007597803
090 _a5680980
_c5680980
100 _a20130115d1972 |||y0rusy50 ca
101 0 _arus
102 _aRU
105 _ay z |||a|
200 1 _aРусский летчик
_eПьеса в 2 ч.
_fОтд. распространения драм. произведений ВУОАП
210 _aМосква
_cБ. и.
_d1972
215 _a83 л.
_d28
700 1 _aНазаров
_bР.В.
_f1928-
_gРоальд Викторович
801 0 _aRU
_bNLR
_gpsbo
801 1 _aRU
_bELAR
_2rusmarc
852 _aNLR
_j72-8/2521
942 _cBOOK
980 _aNB